A Handbook on Irrigation and Drainage (Record no. 14508)
[ view plain ]
| 000 -LEADER | |
|---|---|
| fixed length control field | 00310nam a22001217a 4500 |
| 020 ## - INTERNATIONAL STANDARD BOOK NUMBER | |
| ISBN | 9789381450888 |
| 082 ## - DEWEY DECIMAL CLASSIFICATION NUMBER | |
| Classification number | 631.587 |
| Item number | BAL/HA |
| 100 ## - MAIN ENTRY--AUTHOR NAME | |
| Personal name | Balram, Panigrahi |
| 245 ## - TITLE STATEMENT | |
| Title | A Handbook on Irrigation and Drainage |
| 260 ## - PUBLICATION, DISTRIBUTION, ETC. (IMPRINT) | |
| Place of publication | New Delhi |
| Name of publisher | New India Publishing Agency |
| Year of publication | 2013 |
| 300 ## - PHYSICAL DESCRIPTION | |
| Number of Pages | 602 |
| 942 ## - ADDED ENTRY ELEMENTS (KOHA) | |
| Koha item type | Books |
| Withdrawn status | Lost status | Damaged status | Collection code | Home library | Current library | Shelving location | Date acquired | Source of acquisition | Cost, normal purchase price | Full call number | Accession Number | Koha item type |
|---|---|---|---|---|---|---|---|---|---|---|---|---|
| KAUAET | KAUAET | General Stacks | 12/07/2016 | Researchco Books and Periodicals, New Delhi | 2950.00 | 631.587 BAL/HA | 24374 | Books | ||||
| KAUAET | KAUAET | General Stacks | 26/07/2016 | Ganesh Book Centre Trivandrum. | 2950.00 | 631.587 BAL/HA | 24590 | Books | ||||
| Non-fiction | KAUAET | KAUAET | General Stacks | 17/05/2019 | 4200.00 | 631.587 BAL/HA | 25786 | Books |
